Cryogenic deflashing process for rubber products (Record no. 74832)
[ view plain ]
| 000 -LEADER | |
|---|---|
| fixed length control field | 00411nam a22001337a 4500 |
| 082 ## - DEWEY DECIMAL CLASSIFICATION NUMBER | |
| Classification number | RIB.29 678.06:536.483 |
| Item number | MAD |
| 100 ## - MAIN ENTRY--AUTHOR NAME | |
| Personal name | MADDA (Donald) |
| 245 ## - TITLE STATEMENT | |
| Title | Cryogenic deflashing process for rubber products |
| 246 ## - VARYING FORM OF TITLE | |
| Title proper/short title | Rubber Industry Books Box. Pocket book.29 |
| 260 ## - PUBLICATION, DISTRIBUTION, ETC. (IMPRINT) | |
| Place of publication | Thailand |
| Name of publisher | Technobiz Communications |
| Year of publication | 2018 |
| 300 ## - PHYSICAL DESCRIPTION | |
| Number of Pages | 84p. |
| 650 ## - SUBJECT ADDED ENTRY--TOPICAL TERM | |
| Topical Term | Cryogenic deflashing process |
| -- | Rubber products |
| 942 ## - ADDED ENTRY ELEMENTS (KOHA) | |
| Koha item type | Books |
| Withdrawn status | Lost status | Damaged status | Not for loan | Home library | Current library | Date acquired | Source of acquisition | Full call number | Accession Number | Koha item type |
|---|---|---|---|---|---|---|---|---|---|---|
| RRII Library | RRII Library | 25/10/2022 | Marithi Subscription Services, Hyderabad | RIB.29 678.06:536.483 MAJ | 23583 | Books |